[Event "Kragero Resort Chess A 2019"]
[Site "Kragero"]
[Date "2019.02.24"]
[Round "8.28"]
[White "Skaslien, Ingrid"]
[Black "Sebastian, Andreas"]
[Result "1/2-1/2"]
[WhiteElo "1828"]
[BlackElo "1962"]
[Annotator "NA RC"]
[PlyCount "128"]
[EventDate "2019.02.20"]
[EventType "swiss"]
[EventCountry "NOR"]
[SourceTitle "playchess.com"]
[Source "ChessBase"]
[SourceQuality "1"]
[TimeControl "5400+30"]

1. d4 {[%emt 0:00:00]} Nf6 {[%emt 0:03:41]} 2. c4 {[%emt 0:00:00]} e6 {[%emt 0:00:12]} 3. Nc3 {[%emt 0:00:15]} Bb4 {[%emt 0:00:08]} 4. Qc2 {[%emt 0:00:23]} O-O {[%emt 0:00:48]} 5. e3 {[%emt 0:00:19]} c5 {[%emt 0:03:05]} 6. Nf3 {[%emt 0:03:59]} b6 {[%emt 0:00:43]} 7. Bd3 {[%emt 0:04:24]} Bb7 {[%emt 0:00:30]} 8. O-O {[%emt 0:01:13]} cxd4 {[%emt 0:03:36]} 9. Nxd4 {[%emt 0:00:19]} Nc6 {[%emt 0:01:15]} 10. Nxc6 {[%emt 0:08:56]} Bxc6 {[%emt 0:01:25]} 11. a3 {[%emt 0:05:35]} Bxc3 {[%emt 0:06:25]} 12. Qxc3 {[%emt 0:00:57]} d5 {[%emt 0:01:17]} 13. b3 {[%emt 0:04:21]} Rc8 $11 {[%emt 0:01:48]} 14. Qe5 {[%emt 0:03:22]} dxc4 {[%emt 0:08:50]} 15. Bxc4 {[%emt 0:01:21]} Nd7 {[%emt 0:01:36]} 16. Qg3 {[%emt 0:05:42]} Qf6 {[%emt 0:00:53]} 17. Rb1 {[%emt 0:00:59]} Be4 {[%emt 0:02:51]} 18. Bb2 {[%emt 0:01:19]} Qg6 {[%emt 0:00:33]} 19. Qxg6 {[%emt 0:03:06]} Bxg6 {[%emt 0:01:22]} 20. Rbc1 {[%emt 0:04:07]} Nc5 {[%emt 0:07:12]} 21. Rfd1 {[%emt 0:08:20]} Rfd8 {[%emt 0:01:06]} 22. Bd4 {[%emt 0:05:57]} Bd3 {[%emt 0:14:25]} 23. Bxd3 {[%emt 0:13:56]} Nxd3 {[%emt 0:00:15]} 24. Rxc8 {[%emt 0:00:54]} Rxc8 {[%emt 0:00:09]} 25. Kf1 {[%emt 0:00:47]} Nc1 {[%emt 0:12:10]} 26. b4 {[%emt 0:02:17]} f6 {[%emt 0:00:36]} 27. e4 {[%emt 0:03:10]} Rc7 {[%emt 0:08:32]} 28. Be3 {[%emt 0:04:18]} Na2 {[%emt 0:01:41]} 29. Ke1 {[%emt 0:02:29]} Nc3 {[%emt 0:01:23]} 30. Rc1 {[%emt 0:00:38]} Nb5 {[%emt 0:00:05]} 31. Rxc7 {[%emt 0:00:09]} Nxc7 {[%emt 0:00:04]} 32. Kd2 {[%emt 0:00:50]} Kf7 {[%emt 0:00:19]} 33. a4 {[%emt 0:00:37]} Ke7 {[%emt 0:00:30]} 34. a5 {[%emt 0:03:46]} bxa5 {[%emt 0:02:01]} 35. bxa5 {[%emt 0:00:46]} a6 {[%emt 0:00:31]} 36. Kd3 {[%emt 0:00:35]} Kd7 {[%emt 0:00:10]} 37. Kc4 {[%emt 0:02:56]} Kc6 {[%emt 0:00:10]} 38. f4 {[%emt 0:01:37]} Nb5 {[%emt 0:03:07]} 39. Bc5 {[%emt 0:03:09]} Nc3 {[%emt 0:01:05]} 40. Bf8 {[%emt 0:00:54]} Nxe4 {[%emt 0:00:24]} 41. Bxg7 {[%emt 0:00:08]} Nd6+ {[%emt 0:00:24]} 42. Kb4 {[%emt 0:00:25]} f5 {[%emt 0:00:06]} 43. Be5 {[%emt 0:00:34]} Ne4 {[%emt 0:00:32]} 44. Kc4 {[%emt 0:00:55]} Nd2+ {[%emt 0:00:33]} 45. Kc3 {[%emt 0:01:11]} Nf1 {[%emt 0:00:25]} 46. h3 {[%emt 0:00:18]} Ne3 {[%emt 0:00:33]} 47. g3 {[%emt 0:00:30]} Kd5 {[%emt 0:02:09]} 48. Kd3 {[%emt 0:00:32]} Nc4 {[%emt 0:00:09]} 49. Bc3 {[%emt 0:00:36]} h5 {[%emt 0:00:29]} 50. Bb4 {[%emt 0:00:35]} Nb2+ {[%emt 0:00:10]} 51. Kc3 {[%emt 0:00:15]} Nd1+ {[%emt 0:00:58]} 52. Kd2 {[%emt 0:00:23]} Nf2 {[%emt 0:00:06]} 53. Ke2 {[%emt 0:00:13]} Ne4 {[%emt 0:04:37]} 54. Kf3 {[%emt 0:00:07]} Kc4 {[%emt 0:00:17]} 55. Be1 {[%emt 0:00:12]} Nf6 {[%emt 0:00:49]} 56. Bf2 {[%emt 0:00:36]} Kd3 {[%emt 0:05:31]} 57. Bb6 {[%emt 0:00:21]} Ne4 {[%emt 0:00:38]} 58. g4 {[%emt 0:00:41]} hxg4+ {[%emt 0:00:22]} 59. hxg4 {[%emt 0:00:05]} Nd2+ {[%emt 0:00:51]} 60. Kg3 {[%emt 0:00:07]} fxg4 {[%emt 0:01:12]} 61. Kxg4 {[%emt 0:00:06]} Ke4 {[%emt 0:00:12]} 62. Kg5 {[%emt 0:00:49]} Kd5 {[%emt 0:00:35]} 63. f5 {[%emt 0:00:45]} Nf3+ {[%emt 0:00:59]} 64. Kf4 {[%emt 0:00:10]} exf5 {[%emt 0:00:40] Ke4+ [%emt 00:00:22] Ke5+} 1/2-1/2

[Event "Kragero Resort Chess A 2019"]
[Site "Kragero"]
[Date "2019.02.24"]
[Round "8.29"]
[White "Mashinskaya, Iulia"]
[Black "Fivelstad, Jon Olav"]
[Result "1-0"]
[WhiteElo "2261"]
[BlackElo "1900"]
[Annotator "TA"]
[PlyCount "95"]
[EventDate "2019.02.20"]
[EventType "swiss"]
[EventCountry "NOR"]
[SourceTitle "playchess.com"]
[Source "ChessBase"]
[SourceQuality "1"]

{[%evp 17,95,-4,2,0,0,0,7,-4,14,-3,14,0,33,7,6,0,107,81,79,64,46,53,64,75,80,80,80,80,80,78,78,62,114,114,114,114,115,114,114,114,114,104,90,80,116,116,115,114,115,115,111,111,111,71,111,111,111,110,223,233,391,385,393,377,509,434,503,474,531,525,509,504,1096,1121,1498,1467,29991,29992,29992,29993]} 1. d4 Nf6 2. Nf3 e6 3. e3 b6 4. Bd3 Bb7 5. b3 Be7 6. Bb2 O-O 7. Nbd2 d5 8. O-O c5 9. Ne5 Nc6 10. Ndf3 {D05: Colle System with ...e6} (10. f4 Nb4 11. Be2 Ne4 12. Nxe4 dxe4 13. Bc4 Nd5 14. Qe2 f6 15. Ng4 Qc8 16. Rad1 Rd8 17. Kh1 a6 18. dxc5 Qxc5 19. Bd4 {½-½ (44) Bruzon Batista,L (2673)-Quesada Perez,Y (2635) Khanty-Mansiysk 2011}) 10... Rc8 11. Nxc6 Rxc6 12. Qe2 $146 {The position is equal.} ({Predecessor:} 12. dxc5 Rxc5 13. a4 Rc8 14. a5 bxa5 15. Ra2 Bb4 16. Qa1 Qe7 17. Bd4 Rfd8 {1-0 (82) Aronov,M (2254)-Van Ginkel,M (2205) Bayern 2011}) 12... Qc8 13. c4 Rc7 14. Rac1 Qa8 15. dxc5 Rxc5 16. b4 {[%cal Bb3b4,Bb4c5][%mdl 32]} dxc4 (16... Rcc8 $11) 17. bxc5 (17. Bxh7+ {looks sharper.} Nxh7 18. bxc5 Rc8 19. Qxc4 Bxf3 20. gxf3 Qxf3 21. Qf4) 17... cxd3 18. Qxd3 Bxf3 19. gxf3 Qxf3 {[#] Hoping for ...Rd8.} 20. Qd1 Qxd1 21. Rfxd1 {aiming for Bxf6.} Bxc5 22. Bxf6 gxf6 $16 {[%mdl 4096] Endgame KRR-KRB} 23. Rd7 a5 24. a4 f5 ({Better is} 24... Rc8 $14) 25. Rcd1 Kg7 26. Rd8 Kf6 27. Rxf8 Bxf8 {KR-KB} 28. Rd7 Bc5 29. Kf1 {[%mdl 1024] White has strong compensation.} Kg6 30. Ke2 h6 31. Rd8 Kg7 32. Kf3 Be7 33. Rd1 Kf6 34. Ke2 Bc5 35. f3 Kg6 36. Rg1+ Kf6 37. Rg8 Ke5 (37... Bd6 $16 {is a better defense.}) 38. Rh8 $18 Kd5 $2 {[#]} (38... Kf6 39. Rxh6+ Kg7) 39. Kd3 Bd6 40. Rxh6 Kc5 41. Rh8 Kb4 42. h4 Kxa4 43. h5 Be5 44. Rg8 Kb3 (44... b5 $142 45. h6 b4) 45. f4 Bc3 46. Rb8 a4 47. Rxb6+ Bb4 48. h6 {Accuracy: White = 74%, Black = 37%.} 1-0

[Event "Kragero Resort Chess A 2019"]
[Site "Kragero"]
[Date "2019.02.24"]
[Round "8.30"]
[White "Birkisson, Bardur Orn"]
[Black "Khachatryan, Marieta"]
[Result "1-0"]
[WhiteElo "2233"]
[BlackElo "1779"]
[Annotator "TA"]
[PlyCount "91"]
[EventDate "2019.02.20"]
[EventType "swiss"]
[EventCountry "NOR"]
[SourceTitle "playchess.com"]
[Source "ChessBase"]
[SourceQuality "1"]

{[%evp 9,91,0,0,-8,0,0,0,-11,0,-5,11,22,10,10,3,12,163,172,240,223,216,184,225,212,212,131,341,346,333,333,548,524,558,547,544,531,713,539,544,533,646,470,816,791,824,809,1312,945,1869,842,839,744,711,688,682,710,1166,1144,1120,1106,1316,1306,1281,1230,2485,2563,2494,2370,1577,1539,29967,29964,29988,29989,29989,29990,29990,29991,29991,29992,29992,29993,29998,29999]} 1. d4 d5 2. Bf4 Nf6 3. e3 c5 4. c3 Nc6 5. Nd2 Bf5 (5... Qb6 6. Qb3 Nh5 7. Qxb6 axb6 8. Bc7 cxd4 9. exd4 e5 10. Bxe5 Nxe5 11. dxe5 Bc5 12. g3 O-O {1-0 (76) Aronian,L (2765)-Caruana,F (2832) London 2018}) 6. Qb3 {D00: 1 d4 d5: Unusual lines} Qd7 7. Ngf3 c4 8. Qd1 {The position is equal.} e6 9. Nh4 Bg6 10. Nxg6 hxg6 11. b3 $146 ({Predecessor:} 11. Bg5 b5 12. Bxf6 gxf6 {½-½ (52) Dhulipalla,B (2259)-Bakre,T (2453) Noida 2016}) 11... b5 12. a4 bxa4 $2 (12... b4 $11) 13. bxc4 $18 Nh5 (13... dxc4 $142 14. Rxa4 (14. Bxc4 a3 $16) (14. Qxa4 Nd5 $16) 14... Nd5) 14. cxd5 (14. Rxa4 $6 Nxf4 15. exf4 Be7 $16) 14... exd5 15. Be5 (15. Rxa4 $6 Nxf4 16. exf4 Bd6 $16) 15... f6 16. Bd3 Kf7 17. Qf3 f5 $2 (17... Kg8 $16) 18. g4 ({Resist} 18. Rxa4 $6 Rd8 $18) 18... Nf6 19. gxf5 gxf5 $2 (19... g5 20. Rg1 g4) 20. Bxf5 Qd8 21. Rg1 Ne7 22. Bd3 Qb6 23. Ke2 Qe6 24. Rxa4 Rh3 25. Rg3 Rh6 (25... Rxg3 $142 26. hxg3 Qg4) 26. Bf4 Rh8 27. Ra6 Qd7 28. Bg5 Neg8 {[#]} 29. c4 (29. Nc4 $142 $1 {[%mdl 512]} Ke8 (29... dxc4 30. Bxc4+) 30. Ne5) 29... Bd6 30. Bg6+ Kf8 31. Bf5 Qc7 32. Rg2 Bxh2 33. Be6 Qb7 34. Ra1 Qe7 35. Bxg8 {[%mdl 64] [#] Overworked Piece} Rxg8 36. Rxh2 Rb8 37. Ra6 Rb6 38. Rxb6 axb6 39. Bxf6 gxf6 40. Qxd5 {White mates.} Qc7 41. Qa8+ Kf7 42. Rh7+ {[%mdl 64] Skewer} Rg7 43. Qd5+ Kf8 44. Rh8+ Ke7 45. Qe4+ Kd7 46. Qe8+ {Accuracy: White = 54%, Black = 34%.} 1-0

[Event "Kragero Resort Chess A 2019"]
[Site "Kragero"]
[Date "2019.02.24"]
[Round "8.31"]
[White "Jonsson, Gauti Pall"]
[Black "Valvag, Torbjorn"]
[Result "1-0"]
[WhiteElo "2070"]
[BlackElo "1698"]
[Annotator "NA RC"]
[PlyCount "59"]
[EventDate "2019.02.20"]
[EventType "swiss"]
[EventCountry "NOR"]
[SourceTitle "playchess.com"]
[Source "ChessBase"]
[SourceQuality "1"]
[TimeControl "5400+30"]

1. e4 {[%emt 0:00:21]} c5 {[%emt 0:00:00]} 2. Nc3 {[%emt 0:00:24]} Nc6 {[%emt 0:00:00]} 3. Bb5 {[%emt 0:00:29]} g6 {[%emt 0:02:07]} 4. Bxc6 {[%emt 0:00:58]} dxc6 {[%emt 0:00:07]} 5. f4 {[%emt 0:00:36]} Bg7 {[%emt 0:02:08]} 6. Nf3 {[%emt 0:00:23] B23: Closed Sicilian: Lines without g3} Nf6 {[%emt 0:05:28]} 7. O-O {[%emt 0:00:49]} (7. d3 c4 8. d4 b5 9. a3 O-O 10. O-O Qb6 11. h3 Nd7 12. Be3 Bb7 13. Qe1 {1-0 (36) Mons,L (2554)-Michalik,P (2564) Austria 2019}) 7... b6 {[%emt 0:02:04]} 8. d3 {[%emt 0:01:07]} O-O {[%emt 0:04:30]} 9. Qe1 {[%emt 0:01:11]} Nd7 {[%emt 0:07:31]} 10. Qg3 {[%emt 0:03:38]} Qc7 {[%emt 0:01:44]} 11. Qh4 {[%emt 0:05:05]} Re8 $146 {[%emt 0:04:52]} ({Predecessor:} 11... f6 12. Be3 e5 13. Rf2 exf4 14. Bxf4 Ne5 15. Raf1 Nxf3+ 16. Rxf3 {½-½ (59) Ibarra Chami,L (2369)-Ordunez Echarte,D (2224) Havana 2008}) 12. f5 {[%emt 0:03:25]} ({But not} 12. Ng5 $6 h6 $11) 12... Nf8 {[%emt 0:06:04]} 13. Bh6 {[%emt 0:03:27]} f6 {[%emt 0:03:49]} 14. Bxg7 {[%emt 0:02:39]} Kxg7 {[%emt 0:00:07]} 15. Ne2 {[%emt 0:00:51]} gxf5 {[%emt 0:03:10]} 16. Qh5 {[%emt 0:02:03]} fxe4 {[%emt 0:04:57]} 17. Ng5 $2 {[%emt 0:04:29]} ({Inferior is} 17. dxe4 Ng6 $15) (17. Qxe8 $16 exf3 18. Rxf3) 17... Rd8 $1 {[%emt 0:05:30]} 18. Qf7+ {[%emt 0:01:09]} Kh8 {[%emt 0:00:42]} 19. Rxf6 {[%emt 0:01:24]} ({Only move:} 19. Nxe4 $15 Be6 20. Qh5) 19... Qe5 {[%emt 0:03:01]} 20. Nxh7 {[%emt 0:07:00]} exf6 {[%emt 0:05:23]} 21. Nxf8 {[%emt 0:00:53]} Bf5 {[%emt 0:02:50]} 22. Qh5+ {[%emt 0:01:20]} Kg7 {[%emt 0:00:14]} 23. Rf1 $17 {[%emt 0:00:08]} (23. Ng3 $11 {keeps the balance.} Bc8 24. Qg6+ Kxf8 25. Rf1) 23... Rxf8 {[%emt 0:01:08]} 24. Rxf5 {[%emt 0:00:20]} Qe8 {[%emt 0:01:50]} 25. Qh4 {[%emt 0:01:32]} Rh8 {[%emt 0:01:41]} 26. Qxf6+ {[%emt 0:00:15]} Kh7 {[%emt 0:00:20]} 27. Qh4+ {[%emt 0:04:06]} Kg7 {[%emt 0:00:16]} 28. Qg4+ {[%emt 0:00:40]} Kh6 {[%emt 0:01:08]} 29. Rf6+ {[%emt 0:00:15]} Kh7 {[%emt 0:00:09]} 30. Qf5+ {[%emt 0:00:30]} 1-0

[Event "Kragero Resort Chess A 2019"]
[Site "Kragero"]
[Date "2019.02.24"]
[Round "9.1"]
[White "Kjartansson, Gudmundur"]
[Black "Notkevich, Benjamin Arvola"]
[Result "1/2-1/2"]
[WhiteElo "2403"]
[BlackElo "2498"]
[Annotator "TA"]
[PlyCount "96"]
[EventDate "2019.02.20"]
[EventType "swiss"]
[EventCountry "NOR"]
[SourceTitle "playchess.com"]
[Source "ChessBase"]
[SourceQuality "1"]

{[%evp 10,96,10,5,145,143,143,145,145,118,143,133,216,211,200,197,220,203,249,263,261,260,245,231,245,226,217,222,216,193,218,218,235,216,263,259,271,92,95,105,131,136,143,137,141,135,521,511,484,289,258,0,0,0,99,-7,0,0,0,-7,0,-12,0,0,0,0,0,0,0,0,0,0,0,0,0,0,0,0,0,0,0,0,0,0,0,0,0,0,0]} 1. c4 e5 2. Nc3 Nf6 3. Nf3 Nc6 4. e3 Bb4 5. Qc2 Bxc3 6. Qxc3 d5 $146 {A28: English Opening: Four Knights Variation} (6... Qe7 $11 {keeps the balance.}) ({Predecessor:} 6... Qe7 7. d4 Ne4 8. Qd3 exd4 9. Nxd4 Qb4+ 10. Bd2 Nxd2 11. Qxd2 Qe7 12. Nxc6 bxc6 13. Qc3 O-O 14. c5 a5 {1-0 (36) Duda,J (2738)-Svidler,P (2737) St Petersburg 2018}) 7. Nxe5 $16 O-O 8. Nxc6 bxc6 {White is clearly better.} 9. f3 Nh5 10. g3 c5 (10... a5 $16 {is a better defense.} 11. d4 a4) 11. cxd5 $18 Qxd5 12. Be2 Bb7 13. b3 a5 14. Ba3 Rfd8 15. e4 (15. Qxc5 $6 Qxd2+ 16. Kf2 (16. Kf1 Ba6 $11) 16... Ba6 $16) 15... Qe6 16. Qxc5 Nf6 17. d3 a4 18. O-O Ba6 19. Qc2 (19. Qxc7 $6 axb3 20. axb3 Bxd3 $16) (19. bxa4 Bxd3 20. Bxd3 Rxd3) 19... axb3 20. axb3 Nd7 21. Qxc7 Ne5 22. Bb2 Nxd3 23. Bxd3 $2 (23. Rfd1 $18 {Black must now prevent Bxd3.} Rac8 24. Qa5 (24. Rxa6 $2 Qxa6 25. Rxd3 Qxd3 $19 {[%mdl 64] Double Attack})) 23... Rxd3 $16 24. b4 Rad8 25. Qe5 {[%csl Gb2][%cal Re5g7] [#]} Qb6+ 26. Rf2 {[%csl Gb2][%cal Re5g7]} f6 27. Qa5 Qe3 $2 {[%mdl 8192]} (27... Qxa5 $16 28. bxa5 (28. Rxa5 Bc4 $16) 28... Rc8) 28. Qxa6 $18 Rd2 29. Qa2+ (29. Qc4+ $142 Kf8 30. Qc5+ Qxc5 31. bxc5 Rxf2 32. Kxf2 Rd2+ 33. Ke3 Rxb2 34. Ra8+ Kf7 35. Ra7+ Kf8 36. Kd3) 29... Kf8 30. Raf1 $2 ({White has to play} 30. Qa7 $18 Qxf2+ 31. Qxf2 Rxf2 32. Kxf2 Rd2+ 33. Ke3 Rxb2 34. Ra8+ Kf7 35. Ra7+ Kg8 36. Rb7) 30... Rxf2 $11 31. Rxf2 Rd2 (31... Rd1+ $1 $11 32. Kg2 Rd2 33. Qa8+ Kf7 34. Rxd2 (34. Qa2+ Kf8 $11) 34... Qxd2+ {[%mdl 64] Double Attack} 35. Kg1 Qe1+ 36. Kg2 Qd2+ {[%mdl 64] Double Attack} 37. Kh3 Qh6+ 38. Kg4 (38. Kg2 Qd2+ $11 {[%mdl 64] Double Attack}) 38... Qg6+ 39. Kh4 (39. Kh3 Qh6+ 40. Kg4 Qg6+ 41. Kh4 Qh6+ 42. Kg4 $11) 39... Qh6+ 40. Kg4 Qg6+ 41. Kh4 (41. Kh3 Qh6+ 42. Kg2 Qd2+ $11 {[%mdl 64] Double Attack}) 41... Qh6+ 42. Kg4) 32. Bd4 (32. Qa8+ $16 Kf7 33. Bd4 Qxd4 {[#]} 34. Qd5+ $1 {[%mdl 512]} Qxd5 35. exd5 Rxd5 36. Rb2) 32... Qe1+ {The position is equal.} 33. Kg2 {Bc5+ would kill now.} Qxf2+ 34. Bxf2 Rxa2 {[%mdl 4096] Endgame KR-KB} 35. b5 {[%cal Bb4b5,Bb5b6][%mdl 32]} Rb2 36. b6 $1 Ke7 37. g4 Kd7 38. h4 h5 39. gxh5 Rb5 40. h6 gxh6 41. Kg3 Ke6 42. Be3 h5 43. Kf4 Rb4 44. Bc5 Rb1 45. Bd4 Rh1 46. Bf2 Rb1 47. Bd4 Rb5 48. Be3 Rb3 {Accuracy: White = 83%, Black = 40%.} 1/2-1/2

[Event "Kragero Resort Chess A 2019"]
[Site "Kragero"]
[Date "2019.02.24"]
[Round "9.3"]
[White "Lie, Kjetil A."]
[Black "Hammer, Jon Ludvig"]
[Result "0-1"]
[WhiteElo "2538"]
[BlackElo "2652"]
[Annotator "TA"]
[PlyCount "112"]
[EventDate "2019.02.20"]
[EventType "swiss"]
[EventCountry "NOR"]
[SourceTitle "playchess.com"]
[Source "ChessBase"]
[SourceQuality "1"]

{[%evp 9,112,10,9,-10,-16,-27,0,-30,-25,-22,-23,-33,-29,-20,0,-11,-12,0,0,0,0,0,0,-12,-22,-14,0,-11,11,-40,-35,-56,-45,-105,-75,-268,-251,-335,-122,-104,-131,-107,-62,-53,-48,-40,-5,-3,-6,-27,-33,-238,-238,-238,-238,-238,-177,-179,-179,-502,-238,-238,-238,-292,-292,-285,-229,-223,-194,-194,-194,-375,-285,-3093,-2894,-1446,-1211,-2777,-2145,-8520,-8513,-8151,-3828,-2145,-2781,-246,-30,-30,-30,-179,-187,-7605,-7490,-778,-1652,-6461,-6361,-5073,-1845,-29976,-29977,-29980,-29981,-29987,-29988]} 1. b3 e5 2. Bb2 Nc6 3. e3 d5 4. Bb5 Bd6 5. Nf3 f6 6. d4 {A01: Nimzowitsch-Larsen Opening} e4 7. Nfd2 f5 (7... a6 $5 {[%cal Ra6b5]} 8. Bxc6+ bxc6 $11) 8. c4 {The position is equal.} (8. Nc4 $5) 8... a6 9. Bxc6+ bxc6 10. Ba3 Bxa3 $146 ({Predecessor:} 10... Nf6 11. Bxd6 cxd6 12. Nc3 Be6 13. cxd5 Nxd5 14. Nxd5 Bxd5 {1-0 (37) Jobava,B (2705)-Hammer,J (2632) Sweden 2017}) 11. Nxa3 Qd6 12. Nab1 Nf6 13. Nc3 O-O 14. Ne2 a5 15. Qc2 a4 16. Rc1 axb3 17. axb3 Ba6 18. h3 g5 19. O-O (19. h4 $11) 19... f4 $1 $15 20. exf4 gxf4 21. Rfe1 (21. Ra1 $15) 21... Kh8 22. Nf1 $2 (22. f3 $17) 22... Nh5 $19 23. cxd5 cxd5 $2 (23... f3 $19 24. Neg3 fxg2) 24. Qxc7 $17 Qxc7 25. Rxc7 Bxe2 26. Rxe2 f3 27. Rec2 $1 Nf4 28. gxf3 Nxh3+ 29. Kg2 Nf4+ 30. Kg3 $2 (30. Kh1 $15) 30... Ne6 $1 $19 {[%csl LRc7,LRd4,LRf3]} 31. fxe4 Nxc7 32. Rxc7 {[%mdl 4096] Endgame KRR-KRN} Ra6 {Hoping for ...Rg6+.} 33. Rc2 dxe4 {And now ...Rg6+ would win.} 34. Kg2 $2 (34. Re2 {nothing else works.}) 34... Rd6 (34... Rg6+ $142 35. Kh2 Rfg8) 35. Ng3 Rxd4 36. Rc7 {[#]} e3 $1 37. fxe3 Rd3 38. Re7 Rxb3 39. Nh5 Rbb8 40. Kg3 $2 (40. Rc7) 40... Rbe8 41. Rxe8 $2 (41. Ra7) 41... Rxe8 {KR-KN} 42. Kf4 Re6 43. e4 Kg8 44. e5 Kf7 45. Kf5 Ra6 (45... Rh6 $142 46. Ng3 Ke7) 46. Nf6 h6 47. Ne4 Rc6 $2 ({Black should play} 47... Ra8 $1 $19 {White must now prevent ...Rg8.} 48. Nf6 Ra1 49. e6+ Kf8) 48. Nd6+ $11 Ke7 {Strongly threatening ...Rc2.} 49. Ne4 (49. Kg6 $1 $11 Ke6 50. Nf7 Ke7+ 51. Nd6) 49... Rc1 $19 50. Nf6 $2 {[#]} (50. Kg6) 50... Rg1 $1 {[%cal Rg1g5]} 51. Nd5+ Kf7 52. e6+ {[#]} Kg7 $1 53. Ke5 h5 54. e7 Kf7 {Black mates.} 55. Kf4 h4 56. Ne3 h3 {Accuracy: White = 20%, Black = 60%.} 0-1

[Event "Kragero Resort Chess A 2019"]
[Site "Kragero"]
[Date "2019.02.24"]
[Round "9.4"]
[White "Castellanos Rodriguez, Renier"]
[Black "Thorfinnsson, Bragi"]
[Result "1-0"]
[WhiteElo "2505"]
[BlackElo "2438"]
[Annotator "TA"]
[PlyCount "123"]
[EventDate "2019.02.20"]
[EventType "swiss"]
[EventCountry "NOR"]
[SourceTitle "playchess.com"]
[Source "ChessBase"]
[SourceQuality "1"]

{[%evp 18,123,18,21,16,8,22,0,0,0,0,0,0,0,0,0,0,0,0,0,0,0,0,0,0,0,0,0,0,-11,0,0,79,0,0,0,0,0,0,0,0,9,142,58,47,43,36,36,49,47,103,9,103,99,187,188,192,170,270,265,307,307,299,305,607,56,39,0,287,0,260,0,737,0,614,590,595,587,715,712,649,613,900,891,1058,1034,29987,29988,29987,234,366,160,8013,6228,1766,444,393,0,2700,1495,2634,2439,7786,6226,29939,7319,6405,5500]} 1. e4 e5 2. Nf3 Nc6 3. Bc4 Bc5 4. d3 Nf6 5. O-O d6 6. c3 a6 7. a4 Ba7 8. Nbd2 O-O 9. h3 Ne7 10. Re1 Ng6 {C54: Giuoco Piano: 4 c3 Nf6, main lines with 5 d4 and 5 d3} 11. d4 h6 12. Bf1 Re8 {The position is equal.} 13. dxe5 dxe5 14. Qc2 Nh5 {[#]} 15. Nc4 $146 Qf6 16. Nh2 Ng3 17. Bd3 Nf4 18. Be3 Nxd3 19. Qxd3 {And now Bxa7 would win.} Nh5 20. Bxa7 Rxa7 21. Ng4 Bxg4 $1 22. hxg4 Nf4 23. Qf3 Qe6 24. Ne3 Qb3 (24... Qc6 $11) 25. g3 (25. g5 $1 $16) 25... Nh3+ $11 26. Kg2 Ng5 27. Qd1 Qe6 (27... Qxb2 $2 28. Nd5 $18) 28. Nd5 Rd8 {Strongly threatening ...c6.} 29. Qe2 $1 h5 (29... b6 $11) 30. Nxc7 (30. Rad1 $1 $16) 30... Qxg4 $14 31. Qxg4 hxg4 32. a5 Rd2 33. b4 Rc2 (33... Nh3 $14) 34. Rac1 ({Better is} 34. Rad1 $1 $16) 34... Rb2 (34... Rxc1 $11 35. Rxc1 Nxe4) 35. Rcd1 $1 $16 Nh3 (35... Kh7 $16) 36. Rf1 $18 Ng5 37. Rd5 $1 f6 {[#]} (37... Nxe4 $142 38. Rxe5 Nxc3) 38. Rd7 $1 Kf8 39. Rfd1 Kg8 40. Re7 Nh3 $2 (40... Nxe4 $6 41. Rdd7 $18) (40... Kh7 41. Rdd7 Kh6 42. Rxg7 Nxe4 43. Rh7+ (43. Rxg4 Rxf2+ 44. Kg1 Rd2 $16) 43... Kg5 44. Rdg7+ Kf5) 41. Rf1 $2 ({White should try} 41. Kf1 $18 {Rd8+ would kill now.} Ng5 42. Rdd7) 41... Ng5 $14 42. Rd7 $2 (42. c4 $14) 42... Kf8 $1 $18 43. Rfd1 Kg8 44. Re7 $2 (44. Rh1) 44... Nh3 $1 ({Wrong is} 44... Nxe4 $2 45. Rdd7 $18) 45. Rd8+ Kh7 {[#]} 46. Kf1 $1 {Threatening mate with Ne6.} Ng5 47. Rdd7 Nxe4 48. Rxg7+ {[%mdl 64] Double Attack} Kh6 49. Rxg4 Nxf2 50. Rg8 Ne4 51. Ne6 {White wants to mate with Rdg7.} Ng5 52. Nxg5 fxg5 {[%mdl 4096] Endgame KRR-KRR} 53. Rdg7 $2 (53. g4 {mates} b5 54. Rxa7 Rd2 55. Rb8 Rd1+ 56. Ke2 Rd6 57. Rb6 Rg6 58. Raxa6) 53... e4 (53... Ra8 $142 54. Rxg5 (54. Rxa8 Kxg7 55. Rb8 Rb1+ 56. Ke2 Kf6 $18) 54... Rxg8 55. Rxg8 Rd2) 54. g4 ({Less strong is} 54. Rxg5 Ra8 $18) (54. Rg6+ $18 {has better winning chances.} Kh7 55. R6g7+ (55. Rxg5 b6 $16) 55... Kh6 56. Rxg5) 54... e3 $2 (54... Ra8 $16 55. Rxa8 Kxg7) 55. Rxg5 {[%csl Gg4][%cal Rg5h5]} Kh7 56. R8g7+ (56. R5g7+ $142 Kh6 57. g5+ Kh5 58. Rh7+ Kg4 59. g6 Rb1+ 60. Ke2) 56... Kh8 57. Rg8+ $2 (57. Rd7) 57... Kh7 58. R5g7+ Kh6 59. Ke1 Ra8 60. g5+ Kh5 61. Rxa8 Kg4 62. Rf8 {Accuracy: White = 58%, Black = 47%.} 1-0